| 000 | | | 04655cmc2a2200000#x 450 |
| 001 | | | b698fe52-1035-4095-af67-b6d97e7132c5 |
| 005 | | | 20220824145826.0 |
| 100 | ## | $a | 20131011l18981898k y0rusy0189 ca |
| 101 | 0# | $a | rus |
| 102 | ## | $a | RU |
| 225 | 0# | $a | Витте Сергей Юльевич. |
| | $h | Опись № 1 |
| 300 | ## | $a | Папка 22. Документы касаемые взятия Порт-Артура |
| 300 | ## | $a | Машинописный текст |
| 325 | ## | $a | Копия |
| 801 | #0 | $a | RU |
| | $b | РГИА |
| | $c | 20131011 |
| 801 | #1 | $a | RU |
| | $b | ГлавНИВЦ |
| | $c | 20131011 |
| | $2 | rusmarc |
| 801 | #2 | $a | RU |
| | $b | ПБ им. Б.Н. Ельцина |
| | $c | 20131030 |
| | $g | RCR |
| | $2 | rusmarc |
| 850 | ## | $a | Федеральное казенное учреждение "Российский государственный исторический архив" (РГИА) |
| 852 | ## | $a | РГИА |
| | $j | 130 |
| 937 | ## | $a | ASBIBLIO_SCAN |
| | $b | РГИА_1622:_1:_130: |
| | $d | 6390686 |
| | $h | РГИА |
| 200 | 1# | $a | Копия доверительного письма МИД на имя министра финансов за № 30 по поводу политики России на Дальнем Востоке |
| | $j | 17 января 1898 г. |
| 215 | ## | $a | 2 листа |
| 035 | ## | $a | b698fe52-1035-4095-af67-b6d97e7132c5 |
| 122 | 0# | $a | d18980117## |
| 251 | ## | $c | Дело |
| 461 | #0 | $1 | 00152367970-da79-48de-9412-6d960f64633d |
| | $1 | 2001 |
| | $a | Витте, гр. Сергей Юльевич (1849-1915), Министр путей сообщения, Министр финансов, Председатель Комитета министров, Председатель Совета министров |
| | $1 | 251 |
| | $c | Фонд |
| | $1 | 852 |
| | $j | 1622 |
| 462 | #0 | $1 | 0013a4aa6d7-af7e-4aff-90e0-428ab4e2cab0 |
| | $1 | 2001 |
| | $a | 1845-1930 гг. |
| | $v | Д. 130 |
| | $1 | 251 |
| | $c | Опись |
| | $1 | 852 |
| | $j | 1 |
| 607 | ## | $2 | nlr_sh |
| | $3 | RU\NLR\AUTH\661414324 |
| | $a | Россия |
| | $y | Дальний Восток |
| | $x | Политика и управление |
| | $z | 19 - нач. 20 вв. |
| 605 | ## | $a | Территория |
| | $l | коллекция |
| | $2 | acquisition_Prlib |
| | $3 | DITM\AF\0000004675 |
| 605 | ## | $a | Дальний Восток: точка притяжения |
| | $l | коллекция |
| | $2 | acquisition_Prlib |
| | $3 | LIBNET\UAF\0000102488 |
| 686 | ## | $2 | rubbk |
| | $a | 63.3(285.5)53 |
| | $v | LBC/M |